000
00260nam a2200109Ia 4500
008
201210s9999 xx 000 0 und d
100
_a
Hayes, Jr. Samuel P.
245
0
_a
Evaluating Development Projects
260
_a
Hague
_b
UNESCO
300
_a
116
942
_c
BK
999
_c
5267
_d
5267